Mathematics and statistics for CA foundation (Record no. 111898)

MARC details
000 -LEADER
fixed length control field 00361nam a2200145Ia 4500
008 - FIXED-LENGTH DATA ELEMENTS--GENERAL INFORMATION
fixed length control field 230917s9999||||xx |||||||||||||| ||und||
040 ## - CATALOGING SOURCE
-- 136449
Original cataloging agency VIVEKANANDA LIBRARY
041 ## - Language
-- English
082 ## - DDC NUMBER
Classification number 519.5 G55T
100 ## - MAIN ENTRY--PERSONAL NAME
Personal name Goel, Ajay
245 #0 - TITLE STATEMENT
Title Mathematics and statistics for CA foundation
260 ## - PUBLICATION, DISTRIBUTION, ETC. (IMPRINT)
Place of publication, distribution, etc New Delhi
Name of publisher, distributor, etc Taxman
Date of publication, distribution, etc 2002
300 ## - PHYSICAL DESCRIPTION
Pages 1041 p.
942 ## - ADDED ENTRY ELEMENTS (KOHA)
Koha item type Books
Holdings
Withdrawn status Lost status Damaged status Not for loan Location (home branch) Sublocation or collection (holding branch) Date acquired Koha issues (times borrowed) Koha full call number Accession No. Koha date last seen Koha item type
        VIVEKANANDA LIBRARY VIVEKANANDA LIBRARY 13/02/2010   519.5 G55T 200162 17/09/2023 Books
© Designed and Maintained by Vivekananda Library, MDU Rohtak